书目信息 |
| 题名: |
玩转3D视界
|
|
| 作者: | 刘佩林 著 | |
| 分册: | ||
| 出版信息: | 北京 电子工业出版社 2020.02 |
|
| 页数: | XII, 278页 | |
| 开本: | 24cm | |
| 丛书名: | AI工程师书库 | |
| 单 册: | ||
| 中图分类: | TP302.7 | |
| 科图分类: | ||
| 主题词: | 计算机视觉--ji suan ji shi jue--研究 | |
| 电子资源: | ||
| ISBN: | 978-7-121-38258-1 | |
| 000 | 01393nam 2200325 450 | |
| 001 | 202020139011 | |
| 005 | 20200926181339.0 | |
| 010 | @a978-7-121-38258-1@dCNY88.00 | |
| 100 | @a20200916d2020 em y0chiy50 ea | |
| 101 | 0 | @achi |
| 102 | @aCN@b110000 | |
| 105 | @aa a 000yy | |
| 106 | @ar | |
| 200 | 1 | @a玩转3D视界@Awan zhuan 3D shi jie@e3D机器视觉及其应用@f刘佩林 ... [等] 著 |
| 210 | @a北京@c电子工业出版社@d2020.02 | |
| 215 | @aXII, 278页@c图@d24cm | |
| 225 | 2 | @aAI工程师书库@AAI gong cheng shi shu ku |
| 304 | @a题名页题其余责任者: 应忍冬, 钱文超, 文飞, 耿相铭 | |
| 312 | @a英文题名取自封面 | |
| 314 | @a刘佩林, 上海交通大学电子信息与电气工程学院教授, 博士生导师。 | |
| 320 | @a有书目 | |
| 330 | @a本书对3D机器视觉的基础知识、核心算法及其应用进行了系统和全面地介绍。具体包括3D传感器、3D数据表示、3D数据存储与压缩、3D数据处理、3D几何测量与建模、3D物体识别和3D动作识别等。本书力求理论结合实际, 在原理与概念讲解的基础上, 辅以简单的应用实例, 便于读者深刻地理解各部分的知识点, 学以致用。 | |
| 410 | 0 | @12001 @aAI工程师书库 |
| 510 | 1 | @aPlaying in the 3D vision world@e3D machine vision and the application@zeng |
| 517 | 1 | @a3D机器视觉及其应用@A3D ji qi shi jue ji qi ying yong |
| 606 | 0 | @a计算机视觉@Aji suan ji shi jue@x研究 |
| 690 | @aTP302.7@v5 | |
| 701 | 0 | @a刘佩林@Aliu pei lin@4著 |
| 801 | 0 | @aCN@c20200401 |
| 905 | @a河南城建学院图书馆@dTP302.7@eL653 | |
| 玩转3D视界:3D机器视觉及其应用/刘佩林 ... [等] 著.-北京:电子工业出版社,2020.02 |
| XII, 278页:图;24cm.-(AI工程师书库) |
| ISBN 978-7-121-38258-1:CNY88.00 |
| 本书对3D机器视觉的基础知识、核心算法及其应用进行了系统和全面地介绍。具体包括3D传感器、3D数据表示、3D数据存储与压缩、3D数据处理、3D几何测量与建模、3D物体识别和3D动作识别等。本书力求理论结合实际, 在原理与概念讲解的基础上, 辅以简单的应用实例, 便于读者深刻地理解各部分的知识点, 学以致用。 |
| ● |
| 相关链接 |
|
|
|
正题名:玩转3D视界
索取号:TP302.7/L653
 
预约/预借
| 序号 | 登录号 | 条形码 | 馆藏地/架位号 | 状态 | 备注 |
| 1 | 1488407 | 214884071 | 自科库301/301自科库 75排1列3层/ [索取号:TP302.7/L653] | 在馆 | |
| 2 | 1488408 | 214884080 | 自科库301/301自科库 75排1列3层/ [索取号:TP302.7/L653] | 在馆 |